Normal view
MARC view
Entry Personal Name
001 - CONTROL NUMBER
- control field: 13834
003 - CONTROL NUMBER IDENTIFIER
- control field: ARRUPE
005 - DATE AND TIME OF LATEST TRANSACTION
- control field: 20150113141054.0
008 - FIXED-LENGTH DATA ELEMENTS
- fixed length control field: 150113|| aca||aabn | a|a d
040 ## - CATALOGING SOURCE
- Original cataloging agency: ARRUPE
- Transcribing agency: ARRUPE
100 ## - HEADING--PERSONAL NAME
- Personal name: Thébaud, Jean-Loup.
670 ## - SOURCE DATA FOUND
- Source citation: Work cat.: (ARRUPE)0: Lyotard, Jean-François, 1924-1998. 13830, Just gaming /, c1985.